000 01011nam a22003137a 4500
003 CHAP
005 20220329135322.0
008 971013s1967 r 00010 d
010 _a34331
011 _a35303
035 _a39419
040 _cCHAP
082 _a428.24
_bL8
100 0 0 _aLusted, E. D.
_969194
245 _aEnglish practice for schools and colleges of further education
260 _aOxford :
_bPergamon,
_c1967
300 _a201 p.
490 _aCommonwealth and international library
_v; 3154
590 _aBATCH-UPD
_b10
_c20130110
_lUCH01
_h1329
590 _aBATCH-UPD
_b10
_c20130410
_lUCH01
_h0835
590 _aBATCH-UPD
_b10
_c20130914
_lUCH01
_h1642
590 _aCONVERSION
_b10
_c20130109
_lUCH01
_h1319
650 1 4 _aInglés
_xEstudio y enseñanza.
_958340
650 1 4 _aInglés
_xGramática.
_958342
830 0 _aCommonwealth and international library
_v; 3154
_925963
901 _aBK
942 _cLIBRO
949 _a428.24 L8
_bBC
_cLIBRO
_d33724000434718
_eLIBRO
_h42029
_i39419
_si
999 _c34331
_d34331